| 000 | 00474nam a2200169Ia 4500 | ||
|---|---|---|---|
| 008 | 180921t2015 xxu||||| |||| 00| 0 sin d | ||
| 041 | _asin | ||
| 080 |
_a954.3 _bLAN |
||
| 100 |
_aRanjith Iluppitiya _etr. |
||
| 245 | _aලංකා ඉතිහාසයෙන් කතා - 02 | ||
| 246 | _aLanka Ithihasayen Katha - 02 | ||
| 260 |
_bNanila Publisher _aNugegoda _c2015 |
||
| 300 | _b272p, 22cm | ||
| 942 | _cBK | ||
| 999 |
_c3233 _d3233 |
||
| 003 | LK-CoDNM | ||
| 040 |
_aLK-CoDNM _dLK-CoDNM _eLK-CoDNM |
||